00289nam a22000857a 4500008004100000082001600041245008600057260005100143300000900194230621b xxu||||| |||| 00| 0 eng d a328.30bCPA aReports of the Executive Committee 1977-78 and The General Assembly Jamaica, 1978 aLondonbCommonwealth Parliamentary Association a165p